Derrotero general del Mediterráneo / (Record no. 48547)
[ view plain ]
| 000 -LEADER | |
|---|---|
| campo de control de longitud fija | 01486nam a22002535i 4500 |
| 001 - NÚMERO DE CONTROL | |
| campo de control | 48547 |
| 003 - IDENTIFICADOR DE NÚMERO DE CONTROL | |
| campo de control | ES-MaACL |
| 005 - FECHA Y HORA DE LA ÚLTIMA TRANSACCIÓN | |
| campo de control | 20250718184615.0 |
| 007 - CAMPO FIJO DE DESCRIPCIÓN FÍSICA--INFORMACIÓN GENERAL | |
| campo de control de longitud fija | t| |
| 008 - DATOS DE LONGITUD FIJA--INFORMACIÓN GENERAL | |
| campo de control de longitud fija | 950724m18821883sp ||||1| spa d |
| 040 ## - FUENTE DE CATALOGACIÓN | |
| Centro catalogador/agencia de origen | CAM |
| Lengua de catalogación | spa |
| Centro/agencia transcriptor | CAM |
| 245 00 - MENCIÓN DEL TÍTULO | |
| Título | Derrotero general del Mediterráneo / |
| Mención de responsabilidad, etc. | redactado en la Dirección de Hidrografía. |
| 260 ## - PUBLICACIÓN, DISTRIBUCIÓN, ETC. | |
| Lugar de publicación, distribución, etc. | Madrid : |
| Nombre del editor, distribuidor, etc. | Dirección de Hidrografía, |
| Fecha de publicación, distribución, etc. | 1882-1883. |
| 300 ## - DESCRIPCIÓN FÍSICA | |
| Extensión | 3 v. : |
| Otras características físicas | il., lám. pleg ; |
| Dimensiones | 23 cm. |
| 500 ## - NOTA GENERAL | |
| Nota general | Tomo 3 con fecha de 1882. |
| 505 8# - NOTA DE CONTENIDO CON FORMATO | |
| Nota de contenido con formato | Contiene: T. 1. Comprende el Estrecho de Gibraltar, la costa de España, las Islas Baleares y la costa de África desde Ceuta hasta la frontera de Túnez -- T. 2. Comprende las costas de Francia, las de Italia desde el Cabo Martín hasta el de Otranto en el Adriático, las de las islas de Córcega, Cerdeña, Sicilia, Archipiélago Toscano, de Malta y las de la Regencia de Túnez -- T. 3. Comprende desde el Cabo Lenguetta en la costa O. de Albania al de Malea en Grecia, las Islas Jónicas, Cerigo, Candía, Casso, Scarpanto, Sarria, Rodas y Chipre y las costas de Caramania, Siria, Egipto y Trípoli |
| 594 ## - Nota al título y mención de responsabilidad | |
| Nota al título y mención de responsabilidad | Precede al tít., en cada tomo, respectivamente: Núm. 3, 4, 5. |
| 650 #4 - PUNTO DE ACCESO ADICIONAL DE MATERIA--TÉRMINO DE MATERIA | |
| Término de materia o nombre geográfico como elemento de entrada | Derroteros- |
| Subdivisión geográfica | Mediterráneo (Región) |
| 9 (RLIN) | 154844 |
| 700 1# - ENTRADA AGREGADA--NOMBRE PERSONAL | |
| Nombre de persona | Murga y Mugártegui, Gonzalo de |
| 9 (RLIN) | 84568 |
| 700 1# - ENTRADA AGREGADA--NOMBRE PERSONAL | |
| Nombre de persona | Carrasco y Guisasola, Francisco. |
| 9 (RLIN) | 35575 |
| 710 1# - ENTRADA AGREGADA--NOMBRE DE ENTIDAD CORPORATIVA | |
| Nombre de entidad corporativa o nombre de jurisdicción como elemento de entrada | España. |
| Unidad subordinada | Dirección de Hidrografía. |
| 9 (RLIN) | 3694 |
| 852 ## - LOCALIZACIÓN | |
| Ubicación | ES-MaACL |
| Número de control de estantería | G-11313-15 |
| Estatus retirado | Estado de pérdida | Estado de daño | No para préstamo | Colección | Biblioteca de origen | Biblioteca actual | Ubicación en estantería | Fecha de adquisición | Fuente de adquisición | Total de préstamos | Signatura topográfica completa | Código de barras | Visto por última vez | Precio de reemplazo | Tipo de ítem Koha |
|---|---|---|---|---|---|---|---|---|---|---|---|---|---|---|---|
| Libros del s. XIX | Biblioteca del Ateneo de Madrid | Biblioteca del Ateneo de Madrid | Sala Pecera Planta 3 | 17/01/2008 | G-11313-15 | 1051091 | 23/02/2023 | 23/02/2023 | Libro impreso antiguo |
